The divine comedy

সংরক্ষণ করুন:
গ্রন্থ-পঞ্জীর বিবরন
প্রধান লেখক: Dante Alighieri
বিন্যাস: গ্রন্থ
ভাষা:Undetermined
প্রকাশিত: New York W. W. Norton 1977
বিষয়গুলি:
ট্যাগগুলো: ট্যাগ যুক্ত করুন
কোনো ট্যাগ নেই, প্রথমজন হিসাবে ট্যাগ করুন!
Thư viện lưu trữ: Trung tâm Học liệu Trường Đại học Cần Thơ
LEADER 00510nam a2200169Ia 4500
001 CTU_46836
008 210402s9999 xx 000 0 und d
082 |a 851.1 
082 |b A411/1977 
100 |a Dante Alighieri 
245 4 |a The divine comedy 
245 0 |c Dante Alighieri, John Ciardi 
260 |a New York 
260 |b W. W. Norton 
260 |c 1977 
650 |a italian literature - 13th century,italian poetry - 13th century ( english ) 
980 |a Trung tâm Học liệu Trường Đại học Cần Thơ